Modern rice technology and income distribution in Asia / (Record no. 15937)
[ view plain ]
| 000 -LEADER | |
|---|---|
| fixed length control field | 00530cam a22001577a 4500 |
| 020 ## - INTERNATIONAL STANDARD BOOK NUMBER | |
| ISBN | 9712200434 (Philippines) |
| 020 ## - INTERNATIONAL STANDARD BOOK NUMBER | |
| ISBN | 1555874312 (pbk. : U.S.) |
| 020 ## - INTERNATIONAL STANDARD BOOK NUMBER | |
| ISBN | 1555874045 (hard : U.S.) |
| 040 ## - CATALOGING SOURCE | |
| Transcribing agency | DLC |
| 082 ## - DEWEY DECIMAL CLASSIFICATION NUMBER | |
| Classification number | 338 INT 1994 A079 Co. |
| 245 00 - TITLE STATEMENT | |
| Title | Modern rice technology and income distribution in Asia / |
| 260 ## - PUBLICATION, DISTRIBUTION, ETC. (IMPRINT) | |
| Place of publication | Manila : |
| Name of publisher | International Rice Research Institute ; |
| Place of publication | Boulder : |
| Name of publisher | Lynne Rienner Publishers, |
| Year of publication | c1994. |
| 300 ## - PHYSICAL DESCRIPTION | |
| Number of Pages | xxiii, 475 p. : |
| Other physical details | ill., maps ; |
| Dimensions | 23 cm. |
| 700 1# - ADDED ENTRY--PERSONAL NAME | |
| Personal name | David, Cristina C. |
| 942 ## - ADDED ENTRY ELEMENTS (KOHA) | |
| Koha item type | សៀវភៅភាសាអង់គ្លេស |
| 952 ## - LOCATION AND ITEM INFORMATION (KOHA) | |
| Withdrawn status [LOCAL, KOHA] | 0 |
| Permanent Location | Date acquired | Koha item type | Lost status | Shelving location | Barcode | Current Location | Full call number |
|---|---|---|---|---|---|---|---|
| Library Block A | 2017-12-19 | សៀវភៅភាសាអង់គ្លេស | A079 | RUA057808 | Library Block A | 338 INT 1994 A079 Co. |